000 00463nam a2200193Ia 4500
005 20240823045517.0
008 240823s9999||||xx |||||||||||||| ||und||
020 _a0-07-463311-2
041 _aENGLISH
082 _A519.4 P0
100 _aBalagurusamy E
245 0 _aNumerical Methods
250 _a1st
260 _c2000
_b"TMH,New Delhi"
500 _aTRANSFERED
650 _aNumerical Methods
_bSoftware Engineering
942 _cBK
999 _c215129
_d215129